[Event "Madrid-chT 1213 Honor"]
[Site "Madrid"]
[Date "2013.02.17"]
[Round "10.35"]
[White "Fernandez Garcia, Miguel Angel"]
[Black "Beltran Redrado, Jose Antonio"]
[Result "1-0"]
[WhiteElo "2307"]
[BlackElo "2009"]
[PlyCount "99"]
[EventDate "2012.11.18"]
[EventType "team"]
[EventRounds "14"]
[EventCountry "ESP"]
[SourceTitle "EXT 2014"]
[Source "ChessBase"]
[SourceDate "2013.11.20"]
[SourceVersion "1"]
[SourceVersionDate "2013.11.20"]
[SourceQuality "1"]
[WhiteTeam "Amigos del Retiro"]
[BlackTeam "Cafe Comercial"]
[WhiteTeamCountry "ESP"]
[BlackTeamCountry "ESP"]

1. d4 Nf6 2. c4 g6 3. Nc3 d5 4. Nf3 Bg7 5. Bg5 Ne4 6. Bf4 Nxc3 7. bxc3 0-0 8. e3 c5 9. cxd5 Qxd5 10. Qb3 Qxb3 11. axb3 Bf5 12. Be5 Bxe5 13. Nxe5 cxd4 14. exd4 Nd7 15. Nxd7 Bxd7 16. Bd3 Bc6 17. 0-0 Rfd8 18. Rfe1 e6 19. f4 a6 20. g4 Rac8 21. Kf2 Bb5 22. c4 Bc6 23. Ke3 Rc7 24. Red1 f5 25. Be2 Rcd7 26. h4 Be4 27. b4 Kf8 28. Rd2 Ke7 29. c5 Bc6 30. g5 Rh8 31. Bf3 Bd5 32. Bxd5 exd5 33. Kf3 Re8 34. Re2+ Kf7 35. Re5 Rxe5 36. fxe5 Re7 37. b5 Re6 38. c6 bxc6 39. b6 Re8 40. Rxa6 Rb8 41. Kf4 Ke6 42. h5 Rb7 43. h6 Rb8 44. Ke3 Rb7 45. Ra7 Rxb6 46. Rxh7 Rb3+ 47. Kd2 c5 48. Rg7 cxd4 49. Rxg6+ Kxe5 50. h7 1-0